00635nam a2200181 i 450000100060000000300090000600500170001500700030003200800410003510000200007624501740009625000120027026000550028230000340033770000230037170000290039485200300042379916ES-MaACL20230906174100.0t|041025s1945 sp ||||1| spa d1 aHess, Julius H.13aEl niño prematuro b: cuidados médicos y asistencia general / cpor Julius H. Hess y Evelyn C. Lundeen ; traducción española revisada por José Domenech Alsina. a1ª ed. aBarcelona : bSalvat, c1945 (fHispano-Americana) aXV, 352 p. : bil. ; c23 cm.1 aLundeen, Evelyn C.1 aDomenech Alsina, José. aES-MaACLjE-182 bR.21588